Movies Quiz

Random Movies or Animation Quiz

Live Action/Animation Crossovers Quiz Stats

 Plays Quiz Updated Jul 14, 2015

Also try: Animation Invasion
Challenge
Share
Tweet
Score 0/15 Timer 05:00
2 Plays Today
Movie % Correct
The Smurfs
98%
Garfield: The Movie
98%
Scooby-Doo
97.7%
Ted
95.4%
Alice in Wonderland
94.1%
Mary Poppins
93.1%
Who Framed Roger Rabbit
93%
Yogi Bear
92.9%
Movie % Correct
Stuart Little
91.7%
Alvin and the Chipmunks
90.2%
Space Jam
90%
Fantasia
79.9%
Pete's Dragon
52.7%
Bedknobs and Broomsticks
51.2%
Hop
48.6%

You're not logged in!

Compare scores with friends on all Sporcle quizzes.
Join for Free
OR
Log In

You Might Also Like...

Show Comments

Extras

Top Quizzes Today


Score Distribution

Your Account Isn't Verified!

In order to create a playlist on Sporcle, you need to verify the email address you used during registration. Go to your Sporcle Settings to finish the process.

Report this User

Report this user for behavior that violates our Community Guidelines.

Details: